[Event "V. Dvorkovich Cup 2015 juniors"]
[Site "Moscow"]
[Date "2015.06.25"]
[Round "3.3"]
[White "Golubov Dv.PRL, Saveliy"]
[Black "Ghvamberia GEO, Nika"]
[Result "1/2-1/2"]
[LiveChessVersion "1.4.4"]
[BlackElo "2133"]
[WhiteElo "2433"]

1. e4 {[%clk 1:30:57]} c5 {[%clk 1:30:54]} 2. Nf3 {[%clk 1:31:20]} e6
{[%clk 1:31:19]} 3. b3 {[%clk 1:31:43]} Nc6 {[%clk 1:31:42]} 4. Bb2
{[%clk 1:32:06]} d5 {[%clk 1:31:28]} 5. exd5 {[%clk 1:28:27]} exd5
{[%clk 1:31:43]} 6. d4 {[%clk 1:28:38]} Nf6 {[%clk 1:29:55]} 7. Be2
{[%clk 1:25:32]} cxd4 {[%clk 1:25:08]} 8. O-O {[%clk 1:25:22]} Bd6
{[%clk 1:24:47]} 9. Nxd4 {[%clk 1:24:55]} O-O {[%clk 1:24:34]} 10. Nc3
{[%clk 1:22:13]} Re8 {[%clk 1:16:52]} 11. Bf3 {[%clk 1:18:17]} Be5
{[%clk 1:10:35]} 12. Nce2 {[%clk 1:16:33]} Bg4 {[%clk 1:07:55]} 13. Bxg4
{[%clk 1:11:57]} Nxg4 {[%clk 1:08:11]} 14. g3 {[%clk 1:11:45]} Qf6
{[%clk 1:01:59]} 15. h3 {[%clk 1:05:51]} Nh6 {[%clk 0:58:59]} 16. Qd3
{[%clk 1:01:45]} Nf5 {[%clk 0:55:40]} 17. Rad1 {[%clk 0:59:58]} Nfxd4
{[%clk 0:49:05]} 18. Nxd4 {[%clk 0:59:38]} g6 {[%clk 0:44:16]} 19. Nxc6
{[%clk 0:58:11]} bxc6 {[%clk 0:44:00]} 20. Bxe5 {[%clk 0:58:33]} Qxe5
{[%clk 0:41:29]} 21. c4 {[%clk 0:54:44]} Rad8 {[%clk 0:38:58]} 22. cxd5
{[%clk 0:49:42]} Rxd5 {[%clk 0:33:01]} 23. Qf3 {[%clk 0:50:04]} Qe2
{[%clk 0:29:02]} 24. Qxe2 {[%clk 0:50:00]} Rxe2 {[%clk 0:29:31]} 25. Rxd5
{[%clk 0:50:19]} cxd5 {[%clk 0:29:56]} 26. Rd1 {[%clk 0:50:42]} Rxa2
{[%clk 0:30:10]} 1/2-1/2

[Event "V. Dvorkovich Cup 2015 juniors"]
[Site "Moscow"]
[Date "2015.06.25"]
[Round "3.4"]
[White "Khomeriki GEO, Nino"]
[Black "Paramzina Dv.PRL, Anastasya"]
[Result "1-0"]
[LiveChessVersion "1.4.4"]
[BlackElo "2328"]
[WhiteElo "2244"]

1. c4 {[%clk 1:30:52]} e6 {[%clk 1:30:56]} 2. Nf3 {[%clk 1:31:17]} d5
{[%clk 1:31:22]} 3. g3 {[%clk 1:31:42]} Nf6 {[%clk 1:31:41]} 4. Bg2
{[%clk 1:32:06]} dxc4 {[%clk 1:31:42]} 5. Qa4+ {[%clk 1:30:40]} Nbd7
{[%clk 1:31:59]} 6. O-O {[%clk 1:29:08]} a6 {[%clk 1:28:17]} 7. Qxc4
{[%clk 1:23:12]} b5 {[%clk 1:28:10]} 8. Qc2 {[%clk 1:21:04]} Bb7 {[%clk 1:28:09]}
9. b3 {[%clk 1:21:07]} Be7 {[%clk 1:27:32]} 10. Bb2 {[%clk 1:21:31]} c5
{[%clk 1:27:06]} 11. d3 {[%clk 1:21:12]} O-O {[%clk 1:26:54]} 12. Nbd2
{[%clk 1:17:53]} Rc8 {[%clk 1:25:47]} 13. e4 {[%clk 1:17:00]} Nb8
{[%clk 1:10:24]} 14. Ne5 {[%clk 1:05:18]} Ne8 {[%clk 1:06:45]} 15. Ndf3
{[%clk 1:00:00]} f6 {[%clk 1:01:16]} 16. Ng4 {[%clk 0:53:11]} Nc6
{[%clk 1:00:29]} 17. Qe2 {[%clk 0:51:02]} Nd4 {[%clk 0:57:33]} 18. Nxd4
{[%clk 0:47:44]} cxd4 {[%clk 0:56:54]} 19. f4 {[%clk 0:38:07]} Nc7
{[%clk 0:40:00]} 20. a3 {[%clk 0:32:26]} a5 {[%clk 0:39:55]} 21. h4
{[%clk 0:32:09]} f5 {[%clk 0:35:59]} 22. Ne5 {[%clk 0:28:46]} Na6
{[%clk 0:31:25]} 23. exf5 {[%clk 0:25:30]} Bxg2 {[%clk 0:22:18]} 24. Qxg2
{[%clk 0:25:55]} Rxf5 {[%clk 0:22:20]} 25. Rac1 {[%clk 0:23:00]} Rxc1
{[%clk 0:15:37]} 26. Rxc1 {[%clk 0:23:08]} Nc5 {[%clk 0:15:28]} 27. Qc6
{[%clk 0:19:50]} Qd5 {[%clk 0:14:40]} 28. Qe8+ {[%clk 0:19:52]} Bf8
{[%clk 0:10:31]} 29. Rxc5 {[%clk 0:20:16]} Qxb3 {[%clk 0:10:39]} 30. Bxd4
{[%clk 0:19:14]} b4 {[%clk 0:10:05]} 31. Rc4 {[%clk 0:17:12]} Rf6
{[%clk 0:09:56]} 32. Nd7 {[%clk 0:17:10]} Qd1+ {[%clk 0:08:16]} 33. Kg2
{[%clk 0:17:35]} Rxf4 {[%clk 0:04:47]} 34. Qxe6+ {[%clk 0:17:44]} Rf7
{[%clk 0:05:12]} 35. Rc8 {[%clk 0:16:24]} 1-0

[Event "V. Dvorkovich Cup 2015 juniors"]
[Site "Moscow"]
[Date "2015.06.25"]
[Round "3.5"]
[White "Beks LAT, Edmunds"]
[Black "Pranavananda IND, V"]
[Result "0-1"]
[LiveChessVersion "1.4.4"]
[BlackElo "2246"]
[WhiteElo "2043"]

1. e4 {[%clk 1:30:55]} e6 {[%clk 1:29:45]} 2. d4 {[%clk 1:31:17]} d5
{[%clk 1:30:10]} 3. Nd2 {[%clk 1:31:43]} Nc6 {[%clk 1:29:36]} 4. Ngf3
{[%clk 1:28:48]} Nf6 {[%clk 1:28:59]} 5. Bd3 {[%clk 1:26:03]} Nb4
{[%clk 1:28:38]} 6. Qe2 {[%clk 1:24:22]} Be7 {[%clk 1:18:39]} 7. O-O
{[%clk 1:19:59]} O-O {[%clk 1:18:22]} 8. b3 {[%clk 1:16:05]} a5 {[%clk 1:17:27]}
9. a3 {[%clk 1:13:09]} Nxd3 {[%clk 1:17:47]} 10. Qxd3 {[%clk 1:13:17]} b6
{[%clk 1:10:14]} 11. Re1 {[%clk 1:00:50]} dxe4 {[%clk 1:01:18]} 12. Nxe4
{[%clk 1:00:03]} Bb7 {[%clk 1:01:32]} 13. Ned2 {[%clk 0:54:52]} a4
{[%clk 1:00:08]} 14. Bb2 {[%clk 0:52:26]} axb3 {[%clk 0:59:26]} 15. Qxb3
{[%clk 0:52:40]} Ra5 {[%clk 0:55:09]} 16. Ne5 {[%clk 0:49:37]} Nd7
{[%clk 0:50:42]} 17. Ndc4 {[%clk 0:44:01]} Rd5 {[%clk 0:40:53]} 18. Ne3
{[%clk 0:37:55]} Nxe5 {[%clk 0:40:11]} 19. dxe5 {[%clk 0:37:28]} Rd7
{[%clk 0:39:17]} 20. Rad1 {[%clk 0:24:32]} Bc5 {[%clk 0:38:06]} 21. Rxd7
{[%clk 0:18:58]} Qxd7 {[%clk 0:38:34]} 22. Rd1 {[%clk 0:18:55]} Qe7
{[%clk 0:36:07]} 23. Bd4 {[%clk 0:14:22]} Bxa3 {[%clk 0:33:15]} 24. Ng4
{[%clk 0:12:24]} Bc5 {[%clk 0:24:23]} 25. Qg3 {[%clk 0:03:11]} Rd8
{[%clk 0:22:52]} 26. c3 {[%clk 0:02:27]} Kh8 {[%clk 0:18:08]} 27. h3
{[%clk 0:01:29]} Qg5 {[%clk 0:05:31]} 28. f4 {[%clk 0:01:05]} Qe7
{[%clk 0:02:58]} 29. Ne3 {[%clk 0:01:22]} Be4 {[%clk 0:02:39]} 30. Qe1
{[%clk 0:01:12]} h6 {[%clk 0:02:19]} 31. Rd2 {[%clk 0:00:42]} Bxd4
{[%clk 0:01:42]} 32. cxd4 {[%clk 0:01:11]} Qb4 {[%clk 0:01:12]} 33. Qd1
{[%clk 0:01:30]} c5 {[%clk 0:01:03]} 34. d5 {[%clk 0:01:32]} exd5
{[%clk 0:00:50]} 35. Ng4 {[%clk 0:00:53]} Bf5 {[%clk 0:00:47]} 36. Nxh6
{[%clk 0:00:41]} gxh6 {[%clk 0:01:06]} 37. Qh5 {[%clk 0:00:58]} Qxf4
{[%clk 0:00:47]} 38. Qxf7 {[%clk 0:01:09]} Qg5 {[%clk 0:00:42]} 39. h4
{[%clk 0:00:47]} Qg6 {[%clk 0:00:57]} 40. Qc7 {[%clk 0:31:11]} Rg8
{[%clk 0:31:05]} 0-1

[Event "V. Dvorkovich Cup 2015 juniors"]
[Site "Moscow"]
[Date "2015.06.25"]
[Round "3.6"]
[White "Baivab IND, Mishra"]
[Black "Tokranovs LAT, Dmitrijs"]
[Result "1/2-1/2"]
[LiveChessVersion "1.4.4"]
[BlackElo "2192"]
[WhiteElo "2057"]

1. Nf3 {[%clk 1:30:41]} d5 {[%clk 1:30:52]} 2. g3 {[%clk 1:31:01]} Nf6
{[%clk 1:30:32]} 3. Bg2 {[%clk 1:31:29]} c5 {[%clk 1:30:32]} 4. O-O
{[%clk 1:31:14]} Nc6 {[%clk 1:30:55]} 5. c4 {[%clk 1:27:27]} d4 {[%clk 1:29:40]}
6. d3 {[%clk 1:27:55]} e5 {[%clk 1:29:17]} 7. e3 {[%clk 1:13:28]} dxe3
{[%clk 1:27:22]} 8. Bxe3 {[%clk 1:13:31]} Be7 {[%clk 1:26:51]} 9. Nc3
{[%clk 1:08:30]} Bf5 {[%clk 1:25:29]} 10. Nd5 {[%clk 0:55:42]} O-O
{[%clk 1:24:18]} 11. Qb3 {[%clk 0:47:13]} Qd7 {[%clk 1:14:02]} 12. Rfe1
{[%clk 0:32:53]} Rad8 {[%clk 1:09:44]} 13. Rad1 {[%clk 0:29:52]} Rfe8
{[%clk 1:07:44]} 14. Qb5 {[%clk 0:22:39]} Nxd5 {[%clk 1:02:03]} 15. cxd5
{[%clk 0:23:06]} Nd4 {[%clk 1:02:25]} 16. Qxd7 {[%clk 0:15:17]} Nxf3+
{[%clk 1:02:44]} 17. Bxf3 {[%clk 0:15:45]} Rxd7 {[%clk 1:03:01]} 18. Be4
{[%clk 0:09:56]} Bg6 {[%clk 1:03:22]} 19. f4 {[%clk 0:10:21]} f6 {[%clk 0:59:11]}
20. fxe5 fxe5 {[%clk 0:59:35]} 21. Rf1 {[%clk 0:05:43]} Bf8 {[%clk 0:59:06]} 22.
Rf2 {[%clk 0:04:51]} Bf7 {[%clk 0:59:21]} 23. Bf5 {[%clk 0:03:09]} Rc7
{[%clk 0:59:06]} 24. Rdf1 {[%clk 0:01:21]} g6 {[%clk 0:58:55]} 25. Be6
{[%clk 0:01:25]} Bxe6 {[%clk 0:57:35]} 26. dxe6 {[%clk 0:01:53]} b6
{[%clk 0:47:19]} 27. Rf7 {[%clk 0:01:57]} Rce7 {[%clk 0:47:32]} 28. Bg5
{[%clk 0:01:05]} Rxe6 {[%clk 0:47:53]} 29. Rxa7 {[%clk 0:01:30]} h6
{[%clk 0:44:23]} 30. Bd2 {[%clk 0:01:23]} R8e7 {[%clk 0:44:07]} 31. Ra8
{[%clk 0:01:21]} Re8 {[%clk 0:42:50]} 32. Rxe8 {[%clk 0:01:49]} Rxe8
{[%clk 0:43:15]} 33. Rf6 {[%clk 0:02:18]} g5 {[%clk 0:43:12]} 34. Rxb6
{[%clk 0:02:11]} Rd8 {[%clk 0:41:17]} 35. Re6 {[%clk 0:01:53]} Kf7
{[%clk 0:38:13]} 36. Rxe5 {[%clk 0:01:26]} Bg7 {[%clk 0:38:38]} 37. Re2
{[%clk 0:01:00]} Rxd3 {[%clk 0:38:20]} 38. Be1 {[%clk 0:00:41]} Rd1
{[%clk 0:38:26]} 39. Kg2 c4 {[%clk 0:38:34]} 40. Bb4 {[%clk 0:31:12]} Rb1
{[%clk 1:08:43]} 41. Bc3 {[%clk 0:17:29]} Bxc3 {[%clk 1:08:51]} 42. bxc3
{[%clk 0:17:58]} Rc1 {[%clk 1:09:13]} 43. a4 {[%clk 0:18:27]} Rxc3
{[%clk 1:09:07]} 44. Ra2 {[%clk 0:18:51]} Rb3 {[%clk 1:09:25]} 45. a5
{[%clk 0:14:07]} c3 {[%clk 1:09:51]} 46. Kh3 {[%clk 0:13:49]} Rb2
{[%clk 1:09:59]} 47. Ra3 {[%clk 0:14:18]} c2 {[%clk 1:10:09]} 48. Rc3
{[%clk 0:14:47]} h5 {[%clk 1:08:10]} 49. a6 {[%clk 0:15:00]} Kg6 {[%clk 1:08:13]}
50. Rc6+ {[%clk 0:15:17]} Kf5 {[%clk 1:08:37]} 51. Rc5+ {[%clk 0:15:42]} Kf6
{[%clk 1:08:22]} 52. Rc6+ {[%clk 0:15:47]} Ke5 1/2-1/2

[Event "V. Dvorkovich Cup 2015 juniors"]
[Site "Moscow"]
[Date "2015.06.25"]
[Round "3.7"]
[White "Golubeva LAT, Marija"]
[Black "Yogit IND, S"]
[Result "0-1"]
[LiveChessVersion "1.4.4"]
[BlackElo "1951"]
[WhiteElo "1775"]

1. e4 {[%clk 1:30:58]} c5 {[%clk 1:30:48]} 2. Nf3 {[%clk 1:30:04]} d6
{[%clk 1:31:11]} 3. c3 {[%clk 1:30:28]} Nf6 {[%clk 1:31:04]} 4. Be2
{[%clk 1:29:46]} Bg4 {[%clk 1:25:00]} 5. O-O {[%clk 1:28:59]} e6 {[%clk 1:24:03]}
6. h3 {[%clk 1:21:52]} Bh5 {[%clk 1:11:37]} 7. Re1 Nc6 8. d3 {[%clk 1:21:32]} Be7
{[%clk 1:10:49]} 9. Nbd2 {[%clk 1:20:17]} O-O {[%clk 1:04:01]} 10. Nf1
{[%clk 1:18:52]} d5 {[%clk 1:01:10]} 11. e5 {[%clk 1:09:42]} Nd7 {[%clk 1:00:59]}
12. g4 {[%clk 1:02:30]} Bg6 {[%clk 1:01:13]} 13. d4 {[%clk 1:00:14]} Qb6
{[%clk 0:46:45]} 14. a3 {[%clk 0:53:03]} cxd4 {[%clk 0:43:02]} 15. cxd4
{[%clk 0:53:15]} f6 {[%clk 0:43:26]} 16. exf6 {[%clk 0:40:46]} Bxf6
{[%clk 0:43:21]} 17. Be3 {[%clk 0:35:48]} Qxb2 18. g5 Be7 {[%clk 0:35:15]} 19.
Nh4 {[%clk 0:34:56]} Bf7 {[%clk 0:24:56]} 20. Qd3 {[%clk 0:27:09]} Qb6
{[%clk 0:24:01]} 21. Bg4 {[%clk 0:24:39]} Rae8 {[%clk 0:21:22]} 22. Nd2
{[%clk 0:16:31]} Qc7 {[%clk 0:20:28]} 23. f4 {[%clk 0:12:50]} Nb6
{[%clk 0:15:46]} 24. Ndf3 {[%clk 0:11:46]} g6 {[%clk 0:14:58]} 25. Ne5
{[%clk 0:09:25]} Nxe5 {[%clk 0:14:11]} 26. fxe5 {[%clk 0:09:34]} Nc4
{[%clk 0:14:28]} 27. Bf4 {[%clk 0:08:48]} Rc8 {[%clk 0:12:43]} 28. Rec1
{[%clk 0:03:12]} b5 {[%clk 0:12:57]} 29. Rc3 {[%clk 0:02:53]} Qb6
{[%clk 0:13:20]} 30. Rb3 {[%clk 0:02:32]} a5 {[%clk 0:12:57]} 31. Rab1
{[%clk 0:01:54]} b4 {[%clk 0:13:02]} 32. axb4 {[%clk 0:02:13]} axb4
{[%clk 0:13:31]} 33. Bd2 {[%clk 0:00:39]} Nxe5 {[%clk 0:13:22]} 34. Qe3
{[%clk 0:00:35]} Nxg4 {[%clk 0:12:02]} 35. hxg4 {[%clk 0:01:04]} Rc4
{[%clk 0:11:42]} 36. Qe2 {[%clk 0:00:42]} Qxd4+ {[%clk 0:11:55]} 37. Kh1
{[%clk 0:00:33]} Qxg4 {[%clk 0:11:51]} 38. Qxg4 {[%clk 0:00:37]} Rxg4
{[%clk 0:12:18]} 39. Nf3 {[%clk 0:01:07]} Be8 {[%clk 0:10:29]} 40. Ne5
{[%clk 0:30:55]} Re4 {[%clk 0:39:26]} 41. Nd3 {[%clk 0:30:06]} Ba4
{[%clk 0:38:33]} 42. R3b2 {[%clk 0:30:14]} Rf3 {[%clk 0:38:10]} 43. Nxb4
{[%clk 0:29:44]} Rg4 {[%clk 0:38:17]} 44. Be1 {[%clk 0:29:23]} Bd6
{[%clk 0:38:25]} 45. Rg2 {[%clk 0:29:01]} Rf1+ {[%clk 0:38:53]} 0-1

[Event "V. Dvorkovich Cup 2015 juniors"]
[Site "Moscow"]
[Date "2015.06.25"]
[Round "3.8"]
[White "Varshini IND, V"]
[Black "Limanovska LAT, Elizabete"]
[Result "1-0"]
[LiveChessVersion "1.4.4"]
[BlackElo "1978"]
[WhiteElo "2126"]

1. e4 {[%clk 1:30:54]} c5 {[%clk 1:30:55]} 2. Nc3 {[%clk 1:29:32]} Nc6
{[%clk 1:31:18]} 3. Nge2 {[%clk 1:29:16]} g6 {[%clk 1:29:58]} 4. d4
{[%clk 1:28:58]} cxd4 {[%clk 1:29:14]} 5. Nxd4 {[%clk 1:29:26]} Bg7
{[%clk 1:29:15]} 6. Be3 {[%clk 1:29:52]} d6 {[%clk 1:23:43]} 7. Be2
{[%clk 1:29:02]} Nf6 {[%clk 1:22:38]} 8. O-O {[%clk 1:25:53]} O-O
{[%clk 1:22:20]} 9. Qd2 {[%clk 1:22:37]} a6 {[%clk 1:17:03]} 10. f4
{[%clk 1:18:54]} Qc7 {[%clk 1:06:43]} 11. Bf3 {[%clk 1:08:04]} Bd7
{[%clk 0:51:14]} 12. Nb3 {[%clk 1:03:56]} Rac8 {[%clk 0:40:15]} 13. Qf2
{[%clk 1:00:14]} b5 {[%clk 0:33:54]} 14. Rae1 {[%clk 0:54:49]} Be6
{[%clk 0:26:02]} 15. Qh4 {[%clk 0:46:34]} Rfd8 {[%clk 0:20:34]} 16. Rd1
{[%clk 0:40:31]} b4 {[%clk 0:15:33]} 17. Nd5 {[%clk 0:30:03]} Bxd5
{[%clk 0:15:48]} 18. exd5 {[%clk 0:30:32]} Na5 {[%clk 0:13:29]} 19. Qf2
{[%clk 0:25:56]} Nd7 {[%clk 0:11:52]} 20. Nd4 {[%clk 0:23:34]} Nc4
{[%clk 0:10:21]} 21. Bc1 {[%clk 0:20:42]} Re8 {[%clk 0:09:49]} 22. b3
{[%clk 0:15:43]} Na5 {[%clk 0:09:25]} 23. Rfe1 {[%clk 0:09:56]} Nf6
{[%clk 0:04:36]} 24. Bd2 {[%clk 0:07:31]} Qc5 {[%clk 0:03:39]} 25. Nc6
{[%clk 0:07:43]} Nxc6 {[%clk 0:03:26]} 26. Qxc5 {[%clk 0:06:35]} dxc5
{[%clk 0:03:52]} 27. dxc6 {[%clk 0:07:04]} e6 {[%clk 0:03:46]} 28. Be3
{[%clk 0:06:06]} Bf8 {[%clk 0:04:13]} 29. Bf2 {[%clk 0:02:26]} Red8
{[%clk 0:03:34]} 30. Rxd8 {[%clk 0:01:40]} Rxd8 {[%clk 0:04:03]} 31. Bh4
{[%clk 0:01:05]} Be7 {[%clk 0:03:31]} 32. Rd1 {[%clk 0:01:05]} Rxd1+
{[%clk 0:02:29]} 33. Bxd1 {[%clk 0:01:34]} Nd5 {[%clk 0:02:51]} 34. Bxe7
{[%clk 0:01:49]} Nxe7 {[%clk 0:03:20]} 35. c7 {[%clk 0:02:18]} Kf8
{[%clk 0:03:38]} 36. Bf3 {[%clk 0:02:46]} Ke8 {[%clk 0:03:48]} 37. Bc6+
{[%clk 0:03:15]} Kf8 {[%clk 0:04:13]} 38. Bd7 {[%clk 0:03:38]} a5
{[%clk 0:04:36]} 39. Kf2 {[%clk 0:03:56]} Kg7 {[%clk 0:05:01]} 40. c8=Q
{[%clk 0:34:10]} Nxc8 {[%clk 0:35:28]} 41. Bxc8 {[%clk 0:34:36]} Kf6
{[%clk 0:35:55]} 42. Kf3 {[%clk 0:34:58]} e5 {[%clk 0:35:53]} 43. Ke4
{[%clk 0:35:21]} exf4 {[%clk 0:36:13]} 44. Kxf4 {[%clk 0:35:50]} g5+
{[%clk 0:36:08]} 45. Ke4 {[%clk 0:36:15]} h5 {[%clk 0:36:32]} 46. Kd5
{[%clk 0:36:42]} g4 {[%clk 0:36:56]} 47. Kxc5 {[%clk 0:37:04]} Kg5
{[%clk 0:37:24]} 48. Kb5 {[%clk 0:35:48]} f5 {[%clk 0:37:38]} 49. Kxa5
{[%clk 0:35:44]} f4 {[%clk 0:38:01]} 50. Kxb4 {[%clk 0:36:03]} f3
{[%clk 0:38:14]} 51. gxf3 {[%clk 0:36:30]} gxf3 {[%clk 0:38:42]} 52. Bh3
{[%clk 0:36:43]} Kf4 {[%clk 0:38:30]} 53. a4 {[%clk 0:37:09]} Ke3
{[%clk 0:38:52]} 54. a5 {[%clk 0:37:27]} 1-0

[Event "V. Dvorkovich Cup 2015 juniors"]
[Site "Moscow"]
[Date "2015.06.25"]
[Round "3.9"]
[White "Li CHN, Di"]
[Black "Vavulin RUS, Maksim"]
[Result "1/2-1/2"]
[LiveChessVersion "1.4.4"]
[BlackElo "2445"]
[WhiteElo "2281"]

1. d4 {[%clk 1:30:51]} Nf6 {[%clk 1:30:53]} 2. c4 {[%clk 1:30:30]} e6
{[%clk 1:31:15]} 3. g3 {[%clk 1:30:52]} c5 {[%clk 1:31:39]} 4. Nf3
{[%clk 1:29:55]} cxd4 {[%clk 1:31:42]} 5. Nxd4 {[%clk 1:30:21]} a6
{[%clk 1:31:47]} 6. Nc3 {[%clk 1:30:45]} Qc7 {[%clk 1:31:37]} 7. Bg2
{[%clk 1:31:07]} Qxc4 {[%clk 1:31:04]} 8. O-O {[%clk 1:31:31]} Qc7
{[%clk 1:27:26]} 9. e4 {[%clk 1:14:40]} Nc6 {[%clk 1:17:31]} 10. Be3
{[%clk 0:57:38]} Be7 {[%clk 1:17:35]} 11. Rc1 {[%clk 0:57:34]} O-O
{[%clk 1:17:31]} 12. f4 {[%clk 0:51:32]} Rb8 {[%clk 1:15:24]} 13. Kh1
{[%clk 0:41:09]} Rd8 {[%clk 1:11:39]} 14. e5 {[%clk 0:31:22]} Ne8
{[%clk 1:11:30]} 15. Qh5 {[%clk 0:25:26]} g6 {[%clk 0:59:19]} 16. Qh6
{[%clk 0:24:47]} d5 {[%clk 0:53:30]} 17. f5 {[%clk 0:21:30]} Bf8 {[%clk 0:40:43]}
18. Qh4 {[%clk 0:21:11]} exf5 {[%clk 0:34:38]} 19. Bg5 {[%clk 0:14:38]} Be6
{[%clk 0:32:12]} 20. Bxd8 {[%clk 0:12:34]} Rxd8 {[%clk 0:31:16]} 21. Nce2
{[%clk 0:12:09]} Be7 {[%clk 0:26:24]} 22. Qh6 {[%clk 0:12:15]} Qb6
{[%clk 0:25:22]} 23. Nf3 {[%clk 0:09:24]} Qxb2 {[%clk 0:13:15]} 24. Nf4
{[%clk 0:09:53]} Rd7 {[%clk 0:13:17]} 25. g4 {[%clk 0:05:33]} Ng7
{[%clk 0:08:15]} 26. Ng5 {[%clk 0:04:02]} Bxg5 {[%clk 0:08:39]} 27. Qxg5
{[%clk 0:04:31]} fxg4 {[%clk 0:05:17]} 28. Rce1 {[%clk 0:03:37]} Qd4
{[%clk 0:02:57]} 29. Qf6 {[%clk 0:03:23]} Re7 {[%clk 0:02:03]} 30. a3
{[%clk 0:03:06]} Nf5 {[%clk 0:01:14]} 31. Qg5 {[%clk 0:02:19]} Ng7
{[%clk 0:00:44]} 32. Qf6 {[%clk 0:02:48]} Rd7 {[%clk 0:00:36]} 33. Qg5
{[%clk 0:02:34]} Bf5 {[%clk 0:00:33]} 34. Nh5 {[%clk 0:02:30]} Nxh5
{[%clk 0:00:36]} 35. Rxf5 {[%clk 0:02:59]} Ng7 {[%clk 0:00:34]} 36. Rf6
{[%clk 0:03:22]} Ne6 {[%clk 0:00:33]} 37. Rxe6 {[%clk 0:03:32]} fxe6
{[%clk 0:00:40]} 38. Qf6 {[%clk 0:03:58]} Nd8 {[%clk 0:00:34]} 39. Rc1
{[%clk 0:01:58]} Qb6 {[%clk 0:00:37]} 40. Rc8 {[%clk 0:31:41]} d4
{[%clk 0:30:35]} 41. Be4 {[%clk 0:30:00]} Qa5 {[%clk 0:22:11]} 42. Kg2
{[%clk 0:14:45]} d3 {[%clk 0:22:24]} 43. Qg5 {[%clk 0:11:22]} d2 {[%clk 0:14:29]}
44. Bxg6 {[%clk 0:11:47]} h6 {[%clk 0:14:34]} 45. Bf7+ {[%clk 0:11:02]} Kxf7
{[%clk 0:14:59]} 46. Qf6+ {[%clk 0:11:30]} Kg8 {[%clk 0:15:10]} 47. Qxe6+
{[%clk 0:10:13]} Rf7 {[%clk 0:15:35]} 48. Qe8+ {[%clk 0:08:56]} Rf8
{[%clk 0:08:13]} 1/2-1/2

[Event "V. Dvorkovich Cup 2015 juniors"]
[Site "Moscow"]
[Date "2015.06.25"]
[Round "3.10"]
[White "Khanin RUS, Semen"]
[Black "Dai CHN, Changren"]
[Result "0-1"]
[LiveChessVersion "1.4.4"]
[BlackElo "2295"]
[WhiteElo "2405"]

1. e4 {[%clk 1:30:58]} c5 {[%clk 1:30:54]} 2. Nf3 {[%clk 1:31:24]} Nc6
{[%clk 1:31:18]} 3. Bb5 {[%clk 1:31:49]} Nf6 {[%clk 1:31:12]} 4. Bxc6
{[%clk 1:29:49]} dxc6 {[%clk 1:30:58]} 5. d3 {[%clk 1:29:55]} g6 {[%clk 1:28:24]}
6. O-O {[%clk 1:30:15]} Bg7 {[%clk 1:28:40]} 7. h3 {[%clk 1:30:00]} O-O
{[%clk 1:26:18]} 8. Nc3 {[%clk 1:29:48]} Nd7 {[%clk 1:24:13]} 9. Be3
{[%clk 1:26:39]} e5 {[%clk 1:21:36]} 10. Nd2 {[%clk 1:24:38]} b6 {[%clk 1:18:04]}
11. a4 {[%clk 1:21:47]} Nf6 {[%clk 1:09:04]} 12. f4 {[%clk 1:06:29]} exf4
{[%clk 1:07:25]} 13. Rxf4 {[%clk 1:06:24]} Nh5 {[%clk 0:56:16]} 14. Rf3
{[%clk 1:01:59]} Be6 {[%clk 0:52:26]} 15. Qe2 {[%clk 1:00:02]} Be5
{[%clk 0:49:34]} 16. g4 {[%clk 0:49:27]} Ng7 {[%clk 0:48:58]} 17. Raf1
{[%clk 0:44:37]} Qe7 {[%clk 0:43:59]} 18. Qg2 {[%clk 0:41:41]} Rad8
{[%clk 0:41:13]} 19. Bf4 {[%clk 0:35:19]} Bxf4 {[%clk 0:33:16]} 20. Rxf4
{[%clk 0:35:40]} c4 {[%clk 0:33:32]} 21. Nxc4 {[%clk 0:28:52]} Bxc4
{[%clk 0:33:23]} 22. dxc4 {[%clk 0:29:17]} Ne6 {[%clk 0:26:11]} 23. Rf6
{[%clk 0:26:06]} Qb4 {[%clk 0:25:20]} 24. Qf3 {[%clk 0:21:02]} Ng5
{[%clk 0:17:48]} 25. Qe3 {[%clk 0:20:48]} Qxb2 {[%clk 0:17:47]} 26. R6f2
{[%clk 0:11:34]} Ne6 {[%clk 0:17:26]} 27. e5 {[%clk 0:11:33]} Qa3
{[%clk 0:16:39]} 28. Qe1 {[%clk 0:05:10]} Kg7 {[%clk 0:13:25]} 29. Kg2
{[%clk 0:02:38]} Qc5 {[%clk 0:12:37]} 30. Qe2 {[%clk 0:00:42]} Rd4
{[%clk 0:12:14]} 31. Rf3 {[%clk 0:00:37]} Rxc4 {[%clk 0:12:06]} 32. Qd3
{[%clk 0:00:35]} Nf4+ {[%clk 0:09:14]} 33. Rxf4 {[%clk 0:00:57]} Rxc3
{[%clk 0:09:40]} 34. Qd7 {[%clk 0:00:51]} Rxc2+ {[%clk 0:10:04]} 35. Kg3
{[%clk 0:00:43]} Qxe5 {[%clk 0:10:28]} 36. Qxa7 {[%clk 0:00:53]} g5
{[%clk 0:10:43]} 0-1

[Event "V. Dvorkovich Cup 2015 juniors"]
[Site "Moscow"]
[Date "2015.06.25"]
[Round "3.11"]
[White "Zhang CHN, Jiabao"]
[Black "Elistratov RUS, Semen"]
[Result "1-0"]
[LiveChessVersion "1.4.4"]
[BlackElo "2311"]
[WhiteElo "2143"]

1. e4 {[%clk 1:30:56]} e5 {[%clk 1:30:54]} 2. Nf3 {[%clk 1:31:04]} Nc6
{[%clk 1:31:12]} 3. Bc4 {[%clk 1:31:11]} Bc5 {[%clk 1:31:29]} 4. c3
{[%clk 1:30:38]} Nf6 {[%clk 1:31:24]} 5. d3 {[%clk 1:30:50]} O-O {[%clk 1:31:09]}
6. Bg5 {[%clk 1:30:31]} h6 {[%clk 1:30:12]} 7. Bh4 {[%clk 1:30:55]} Be7
{[%clk 1:30:27]} 8. O-O {[%clk 1:30:16]} d6 {[%clk 1:29:19]} 9. Bb3
{[%clk 1:30:39]} Nh5 {[%clk 1:26:09]} 10. Bg3 {[%clk 1:28:38]} Bg4
{[%clk 1:19:29]} 11. Re1 {[%clk 1:24:13]} g6 {[%clk 1:06:37]} 12. h3
{[%clk 1:21:40]} Be6 {[%clk 1:06:32]} 13. Bh2 {[%clk 1:21:27]} Bf6
{[%clk 1:00:02]} 14. Bc2 {[%clk 1:08:59]} Qe7 {[%clk 0:53:42]} 15. d4
{[%clk 1:07:23]} Bd7 {[%clk 0:52:44]} 16. Na3 {[%clk 1:06:48]} Bh8
{[%clk 0:41:06]} 17. Qd2 {[%clk 0:53:27]} Kh7 {[%clk 0:38:16]} 18. Rad1
{[%clk 0:46:56]} Rad8 {[%clk 0:37:17]} 19. Nc4 {[%clk 0:47:06]} f6
{[%clk 0:36:03]} 20. Qe2 {[%clk 0:37:51]} Be8 {[%clk 0:33:53]} 21. Ne3
{[%clk 0:37:24]} Nb8 {[%clk 0:29:22]} 22. Ng4 {[%clk 0:36:07]} Nd7
{[%clk 0:27:46]} 23. Qd2 {[%clk 0:34:08]} Qg7 {[%clk 0:23:52]} 24. Ne3
{[%clk 0:33:06]} Qg8 {[%clk 0:20:52]} 25. Nd5 {[%clk 0:25:35]} c6
{[%clk 0:20:50]} 26. Ne3 {[%clk 0:25:36]} Bf7 {[%clk 0:20:32]} 27. b3
{[%clk 0:25:38]} Rfe8 {[%clk 0:16:44]} 28. Qc1 {[%clk 0:25:37]} Nf8
{[%clk 0:13:20]} 29. Ng4 {[%clk 0:25:32]} Qg7 {[%clk 0:11:49]} 30. Ne3
{[%clk 0:25:09]} Ne6 {[%clk 0:11:00]} 31. Qa3 {[%clk 0:25:05]} a6
{[%clk 0:11:13]} 32. Qb4 {[%clk 0:23:43]} Bg8 {[%clk 0:11:01]} 33. Nc4
{[%clk 0:23:04]} Qc7 {[%clk 0:09:13]} 34. Qa3 {[%clk 0:19:12]} Bg7
{[%clk 0:09:05]} 35. Qc1 {[%clk 0:19:05]} b5 {[%clk 0:06:48]} 36. Ne3
{[%clk 0:19:24]} Bf8 {[%clk 0:04:37]} 37. Rd2 {[%clk 0:18:02]} Qb6
{[%clk 0:02:24]} 38. Red1 {[%clk 0:17:40]} Be7 {[%clk 0:01:24]} 39. Kh1
{[%clk 0:17:01]} Nc7 {[%clk 0:00:36]} 40. Ng4 {[%clk 0:46:32]} Ne6
{[%clk 0:30:36]} 41. dxe5 {[%clk 0:46:21]} fxe5 {[%clk 0:23:17]} 42. Rxd6
{[%clk 0:46:09]} Nhf4 {[%clk 0:21:44]} 43. Rxd8 {[%clk 0:46:00]} Rxd8
{[%clk 0:21:24]} 44. Rxd8 {[%clk 0:45:24]} Bxd8 {[%clk 0:20:52]} 45. Nfxe5
{[%clk 0:44:56]} h5 {[%clk 0:19:47]} 46. Bxf4 {[%clk 0:44:51]} hxg4
{[%clk 0:20:13]} 47. Nxg4 {[%clk 0:45:10]} Qc5 {[%clk 0:18:43]} 48. Qd2
{[%clk 0:42:56]} Be7 {[%clk 0:18:21]} 49. Be3 {[%clk 0:41:33]} Qa3
{[%clk 0:17:14]} 50. Bc5 {[%clk 0:40:47]} 1-0